The planning gain supplement is dead (Record no. 79533)
[ view plain ]
| 000 -LEADER | |
|---|---|
| fixed length control field | 00982cab a22002055a 4500 |
| 001 - CONTROL NUMBER | |
| control field | L141593 |
| 008 - FIXED-LENGTH DATA ELEMENTS--GENERAL INFORMATION | |
| fixed length control field | 071204e20071019xxk f 000 0 eng d |
| 035 ## - SYSTEM CONTROL NUMBER | |
| System control number | (Sirsi) u141593 |
| 041 0# - LANGUAGE CODE | |
| Language code of text/sound track or separate title | eng |
| 100 1# - MAIN ENTRY--PERSONAL NAME | |
| Personal name | Parsley, David |
| 245 04 - TITLE STATEMENT | |
| Title | The planning gain supplement is dead |
| Remainder of title | long live the roof tax? |
| 260 ## - PUBLICATION, DISTRIBUTION, ETC. | |
| Date of publication, distribution, etc. | 2007 |
| 490 #0 - SERIES STATEMENT | |
| Series statement | Building |
| Volume/sequential designation | 272(8502) 19 October 2007 |
| 520 ## - SUMMARY, ETC. | |
| Summary, etc. | Discusses industry opposition to the Planning Gain Supplement (PGS) and looks at a rival scheme for funding infrastructure, the roof tax or tariff. Following the announcement that legislation implementing the PGS will be delayed, there has been discussion about an alternative tariff system built on the current section 106 approach. Provides industry opinion about how this tariff system should work, and compares the roof tax or tariff with PGS. |
| 590 ## - LOCAL NOTE (RLIN) | |
| Local note | KA |
| 650 24 - SUBJECT ADDED ENTRY--TOPICAL TERM | |
| Topical term or geographic name entry element | PLANNING GAIN SUPPLEMENT |
| 651 #4 - SUBJECT ADDED ENTRY--GEOGRAPHIC NAME | |
| Geographic name | England |
| Chronological subdivision | 886- |
| 690 ## - LOCAL SUBJECT ADDED ENTRY--TOPICAL TERM (OCLC, RLIN) | |
| Topical term or geographic name as entry element | Planning and development |
| 9 (RLIN) | 6259 |
| 942 ## - ADDED ENTRY ELEMENTS (KOHA) | |
| Suppress in OPAC | 0 |
| Withdrawn status | Lost status | Source of classification or shelving scheme | Damaged status | Not for loan | Home library | Current library | Shelving location | Date acquired | Total Checkouts | Full call number | Barcode | Date last seen | Copy number | Price effective from | Koha item type |
|---|---|---|---|---|---|---|---|---|---|---|---|---|---|---|---|
| Dewey Decimal Classification | London | London | Journal article | 04/12/2007 | L141593 | 141593-1001 | 06/08/2019 | 1 | 06/08/2019 | Journal article |